000 00940nam0a22002531 4500
001 v19\rc\1592156
005 20250618214649.0
035 _a(NLR Aleph) 004716479
090 _a4272572
_c4272572
100 _a20061002e18951895|||y0rusy50 ca
101 0 _arus
102 _aRU
105 _ay z |||||
200 1 _aО начале русской письменности
_e(Вступ. лекция, чит. 15 сент. 1895 г.)
210 _aКиев
_d[1895]
311 _aОтт. из "Унив. изв." за 1895 г.
316 _aЭкземпляр РНБ (34/1601): утрачен
_5NLR: 34/1601
488 0 _12001#$aУниверситетские известия$v1895
_tУниверситетские известия
700 1 _aГолубовский
_bП.В.
_f1857-1907
_gПетр Васильевич
801 0 _aRU
_bNLR
_gpsbo
801 1 _aRU
_bProSoft-M
_2rusmarc
852 _aNLR
_j34/1601
942 _cBOOK
980 _aNB